000 00387nam a2200133Ia 4500
008 231129s2004||||xx |||||||||||||| ||spa||
020 _a92-1-348094-6
040 _bspa
082 _a362.293 i43
245 0 _aInforme mundial sobre las drogas
260 _c2004
264 _aNaciones Unidas. Oficina contra la droga y el delito
942 _2ddc
_cBKS
999 _c15674
_d15674